Emslie & Simpson v City of Aberdeen District Council (Record no. 24647)

MARC details
000 -LEADER
fixed length control field 01719cab a2200253 4500
001 - CONTROL NUMBER
control field E2243
008 - FIXED-LENGTH DATA ELEMENTS--GENERAL INFORMATION
fixed length control field 090401t1995 xxu||||| |||| 00| 0 eng d
035 ## - SYSTEM CONTROL NUMBER
System control number (Sirsi) u38355
041 ## - LANGUAGE CODE
Language code of text/sound track or separate title eng
245 ## - TITLE STATEMENT
Title Emslie & Simpson v City of Aberdeen District Council
260 ## - PUBLICATION, DISTRIBUTION, ETC.
Date of publication, distribution, etc. 1995
350 ## - PRICE (NR) (BK AM CF MU VM SE) [OBSOLETE]
Price 0
490 ## - SERIES STATEMENT
Series statement Scots Law Times
Volume/sequential designation 1995 SLT 355-368 (14)
520 ## - SUMMARY, ETC.
Summary, etc. First Division. The Lord President (Hope), Lords Mayfield and McCluskey. 15 October 1993. Landlord and tenant - lease - construction - notice to quit - power of landlords to terminare "in the event of the landlords wishing to carry out demolition and redevelopment" - subjects to be compulsorily purchased for development in which landlords had interest - reduced liability to pay compensation to tenants if lease about to expire - whether option to terminate available to landlords - whether notice to quit valid and enforceable - Town and Country Planning (Scotland) Act 1972 (c52), Sched 24, paras 8 and 38. Compulsory powers - purchase - compensation - loss prior to vesting of subjects - loss of profits in business carried on by tenant due to effect of proposed development - whether loss due "by reason of the execution of the works" - Lands Clauses Consolidation (Scotland) Act 1845 (8 & 9 Vict, c19), s17.
650 ## - SUBJECT ADDED ENTRY--TOPICAL TERM
Topical term or geographic name entry element Compulsory purchase
9 (RLIN) 6228
650 ## - SUBJECT ADDED ENTRY--TOPICAL TERM
Topical term or geographic name entry element DISPUTED COMPENSATION
650 ## - SUBJECT ADDED ENTRY--TOPICAL TERM
Topical term or geographic name entry element EMSLIE AND SIMPSON LTD V ABERDEEN DC
650 ## - SUBJECT ADDED ENTRY--TOPICAL TERM
Topical term or geographic name entry element LAND CLAUSES CONSOLIDATION (SCOTLAND) ACT 1845
650 ## - SUBJECT ADDED ENTRY--TOPICAL TERM
Topical term or geographic name entry element LOSS OF PROFITS
650 ## - SUBJECT ADDED ENTRY--TOPICAL TERM
Topical term or geographic name entry element TOWN AND COUNTRY PLANNING (SCOTLAND) ACT 1972
690 ## - LOCAL SUBJECT ADDED ENTRY--TOPICAL TERM (OCLC, RLIN)
Topical term or geographic name as entry element ENVIRONMENTAL AND LAND CONSULTANCY-PLANNING AND DEVELOPMENT-COMPULSORY PURCHASE AND COMPENSATION
942 ## - ADDED ENTRY ELEMENTS (KOHA)
Suppress in OPAC 0
948 ## - LOCAL PROCESSING INFORMATION (OCLC); SERIES PART DESIGNATOR (RLIN)
c (OCLC) 04/03/1997
Holdings
Withdrawn status Lost status Source of classification or shelving scheme Damaged status Not for loan Home library Current library Shelving location Date acquired Total Checkouts Full call number Barcode Date last seen Copy number Price effective from Koha item type
    Dewey Decimal Classification     London London Journal article 14/09/1999   E2243 38355-1001 06/08/2019 1 06/08/2019 Law report